000 00930nam0a2200229 4500
001 RU\NLR\BIBL_A\022710637
005 20260201125822.0
035 _a(NLR Aleph) 022710637
090 _a13541251
_c13541251
100 _a20260128d1954 u y0rusy50 ca
101 0 _aaze
102 _aAZ
105 _ay z 000 y
181 0 _ai
_baxxe
182 0 _an
200 1 _aБүтүн мүалиҹә мүәссисәләри вә аптекләр үчүн мә'лумат мәктубу
_dИнформационное письмо всем лечебным учреждениям и аптекам
_fАзәрб. ССР Сәһ. наз. Баш Аптек идарәси
_gтәрҹ. ед.: Һ.Рәһимов; ред. М. Юсубов
203 _aТекст
_bвизуальный
_cнепосредственный
210 _aБакы
_cБирләш. нәшр.
_d1954
215 _a80 с.
_d20
942 _cBOOK
980 _aNB